Carolina Panthers Nicknames - Statistics

General Stats
  • This quiz has been taken 137 times
    93 since last reset
  • The average score is 5 of 8
Answer Stats
Nickname Years Player / coach % Correct
Superman 2011–19 Cam Newton
94%
Riverboat Ron 2011–19 Ron Rivera
91%
Run CMC 2017–22 Christian McCaffrey
89%
Captain America 2012–19 Luke Kuechly
61%
Double Trouble 2008–17 Jonathan Stewart
54%
Double Trouble 2006–14 DeAngelo Williams
49%
Moose 1996–04 Muhsin Muhammad
43%
He Hate Me 2002–05 Rod Smart
8%
No matching quizzes found
Score Distribution
Percent of People with Each Score
Percentile by Number Answered
Your Score History
You have not taken this quiz since the last reset